000 01452nam a2200433 i 4500
001 14468
003 KOSZ 005
005 20191012104914.0
008 191012s1970 pl a f 001 0 eng
015 _aPB 1971/1083
035 _a991038660349705066
035 _a(PL-WaBN)b20349051-48omnis_nlop
035 _ab20349051
035 _a(OCoLC)177016787
035 _a(PL)b0000002034905
035 _a(EXLNZ-48OMNIS_NETWORK)9910387957105606
040 _aWA N
_cWA N
_dKOSZ 005/RW
041 0 _aeng
_apol
046 _k1970
080 _a802.0
100 1 _aKrzeszowski, Tomasz P.
_d(1939- )
_eAutor
245 1 0 _aTeaching English to Polish learners :
_bpodręcznik /
_cTomasz P. Krzeszowski.
260 _aWarszawa :
_bPaństwowe Wydawnictwo Naukowe,
_c1970.
300 _a198 stron :
_bilustracje ;
_c21 cm.
336 _aTekst
_btxt
_2rdacontent
337 _aBez urządzenia pośredniczącego
_bn
_2rdamedia
338 _aWolumin
_bnc
_2rdacarrier
380 _aKsiążki
380 _aPublikacje dydaktyczne
388 _a1901-2000
504 _aBibliografia na stronach 183-[189]. Indeks.
650 7 _aJęzyk angielski
_2DBN
655 7 _aPodręcznik
_2DBN
658 _aJęzykoznawstwo
710 2 _aPaństwowe Wydawnictwo Naukowe
_4pbl
856 _uhttp://koha.tu.koszalin.pl/cgi-bin/koha/opac-detail.pl?biblionumber=14468
_yKatalog online BPK
942 _2UKD
_cKS
999 _c14468
_d14468